[Event "1 e4 e5"]
[Site "SchemingMind.com"]
[Date "2023.07.17"]
[Round "-"]
[White "ray winteringham"]
[Black "William Lindberg"]
[Result "0-1"]
[WhiteCountry "ENG"]
[BlackCountry "USA"]
[WhiteElo "1434"]
[WhiteRD "48"]
[BlackElo "2345"]
[BlackRD "66"]
[GameID "735763"]

1. e4 e5 2. Bc4 Nf6 3. Nf3 Nc6 4. Ng5 d5 5. Bb3 Nxe4 6. Nxe4 dxe4 7. O-O Qf6 8. Nc3 Qg6 9. Nd5 Bd6 10. h3 Bxh3
11. Ne3 Nd4 12. c3 Nf3+ 13. Kh1 Bxg2+ 14. Nxg2 Qh5+
0-1

[Event "1 e4 e5"]
[Site "SchemingMind.com"]
[Date "2023.07.17"]
[Round "-"]
[White "William Lindberg"]
[Black "ray winteringham"]
[Result "1-0"]
[WhiteCountry "USA"]
[BlackCountry "ENG"]
[WhiteElo "2345"]
[WhiteRD "66"]
[BlackElo "1434"]
[BlackRD "48"]
[GameID "735764"]

1. e4 e5 2. c4 Bc5 3. Nf3 d6 4. Nc3 Be6 5. d4 exd4 6. Nxd4 Ne7 7. Be2 Qd7 8. Nxe6 Qxe6 9. O-O Nbc6 10. Nd5 O-O-O
11. b4 Bd4 12. Bg4 f5 13. exf5 Nxf5 14. b5 Bxa1 15. bxc6 bxc6 16. Bxf5 Qxf5 17. Ne7+
1-0

[Event "1 e4 e5"]
[Site "SchemingMind.com"]
[Date "2023.07.18"]
[Round "-"]
[White "ray winteringham"]
[Black "Robert Hatfield"]
[Result "0-1"]
[WhiteCountry "ENG"]
[BlackCountry "USA"]
[WhiteElo "1431"]
[WhiteRD "46"]
[BlackElo "1778"]
[BlackRD "63"]
[GameID "735765"]

1. e4 e5 2. Bc4 Nf6 3. d3 Bc5 4. Nf3 d6 5. h3 Nc6 6. Nc3 h6 7. O-O Nd4 8. Be3 Ne6 9. Qe2 Bd7 10. a3 O-O
11. Bxe6 Bxe6 12. Bxc5 dxc5 13. b3 Qd6 14. Nb5 Qd7 15. Nc3 Rad8 16. Qe1 Qd6 17. a4 c6 18. Rd1 Qb8 19. Nh2 b5 20. f3 c4
21. axb5 cxb5 22. Qe2 b4 23. Nd5 Bxd5 24. exd5 Nxd5 25. dxc4 Nc3 26. Qe3 Rxd1 27. Rxd1 Nxd1
0-1

[Event "1 e4 e5"]
[Site "SchemingMind.com"]
[Date "2023.07.18"]
[Round "-"]
[White "Robert Hatfield"]
[Black "ray winteringham"]
[Result "1-0"]
[WhiteCountry "USA"]
[BlackCountry "ENG"]
[WhiteElo "1778"]
[WhiteRD "63"]
[BlackElo "1431"]
[BlackRD "46"]
[GameID "735766"]

1. e4 e5 2. Nf3 d6 3. d4 exd4 4. Nxd4 c5 5. Nf3 Nc6 6. Nc3 h6 7. Be2 Be6 8. O-O Be7 9. Be3 Nf6 10. Qd2 O-O
11. Rad1 Qc7 12. Nb5 Qc8 13. Nxd6 Bxd6 14. Qxd6 Nxe4 15. Qf4 Nf6 16. Bxc5 Re8 17. Rfe1 Nd5 18. Qc1 f6 19. Ba3 a6 20. c4 Nf4
21. Qxf4 Ne7 22. Nd4 Bxc4 23. Bxc4+ Qxc4 24. Bxe7 Qa4 25. Ba3 Re5 26. Ne2 Rxe2 27. Qxa4
1-0

[Event "1 e4 e5"]
[Site "SchemingMind.com"]
[Date "2023.07.18"]
[Round "-"]
[White "ray winteringham"]
[Black "eliecercruzr"]
[Result "0-1"]
[WhiteCountry "ENG"]
[BlackCountry "CUB"]
[WhiteElo "1434"]
[WhiteRD "48"]
[BlackElo "2304"]
[BlackRD "68"]
[GameID "735767"]

1. e4 e5 2. Bc4 Nf6 3. d3 c6 4. Bg5 d5 5. exd5 cxd5 6. Bxf6 gxf6 7. Bb3 Nc6 8. Qf3 Nd4 9. Qd1 Rg8 10. g3 Bg4
11. f3 Be6 12. Nd2 Bh6 13. Ne2 Nf5 14. Qc1 Qb6 15. c4 Qe3 16. Ba4+ Kf8 17. Bc2 Nd4 18. Nf1 Qxe2#
0-1

[Event "1 e4 e5"]
[Site "SchemingMind.com"]
[Date "2023.07.18"]
[Round "-"]
[White "eliecercruzr"]
[Black "ray winteringham"]
[Result "1-0"]
[WhiteCountry "CUB"]
[BlackCountry "ENG"]
[WhiteElo "2304"]
[WhiteRD "68"]
[BlackElo "1434"]
[BlackRD "48"]
[GameID "735768"]

1. e4 e5 2. Nf3 d6 3. d4 exd4 4. Nxd4 h6 5. Nc3 c5 6. Bb5+ Bd7 7. Nf5 Nf6 8. O-O Be7 9. Bxd7+ Nbxd7 10. Nxg7+ Kf8
11. Nf5 Nh7 12. Bxh6+ Kg8 13. Qg4+ Ng5 14. Nd5 Ne5 15. Ndxe7+ Kh7 16. Qxg5 Nf3+ 17. gxf3 Rg8 18. Bg7 Qd7 19. Qh5#
1-0

[Event "1 e4 e5"]
[Site "SchemingMind.com"]
[Date "2023.07.18"]
[Round "-"]
[White "esessoms"]
[Black "ray winteringham"]
[Result "0-1"]
[WhiteCountry "USA"]
[BlackCountry "ENG"]
[WhiteElo "1176"]
[WhiteRD "159"]
[BlackElo "1431"]
[BlackRD "46"]
[GameID "735770"]

1. e4 e5 2. Nf3 d6 3. d4 exd4 4. Nxd4 Nf6 5. Nc3 Be6 6. Bd3 Be7 7. O-O h6 8. Bf4 O-O 9. e5 dxe5 10. Nxe6 fxe6
11. Bxe5 Bd6
0-1